|
|
|
|
| LEADER |
00603cam a2200169 7i4500 |
| 001 |
0000028537 |
| 005 |
20121101090000.0 |
| 090 |
0 |
0 |
|a P 628.32
|b MAL
|
| 110 |
2 |
0 |
|a Malaysia External Trade Development Corporation (MATRADE)
|
| 245 |
2 |
0 |
|a Wastewater treatment in Sichuan 2011 :
|b product market study.
|
| 260 |
0 |
0 |
|a Chengdu:
|b MATRADE Chengdu,
|c 2011.
|
| 300 |
# |
# |
|a 27 p.
|
| 440 |
0 |
0 |
|a Product market study : 2011
|
| 650 |
0 |
0 |
|a Sewage --
|x Purification --
|x Markets --
|z China
|
| 650 |
0 |
0 |
|a Wastewater treatment --
|x Markets --
|z China
|
| 651 |
0 |
0 |
|a China
|
| 999 |
|
|
|a 0000030872
|b Book
|c Products
|e Business Information Centre
|